Answers Begin With “Arc-” - Statistics

General Stats
  • This quiz has been taken 1,515 times
    47 since last reset
  • The average score is 13 of 19
Answer Stats
Hint Word % Correct
A curved shape or a segment of a circle arc
100%
The polar region surrounding the North Pole arctic
95%
Michael and Gabriel are two of these celestial beings. archangel
93%
A collection of historical documents or records archive
93%
Covered passageway with shops; place for coin-operated games arcade
91%
A person who designs buildings and structures architect
91%
Island chain archipelago
86%
A senior clergyman in charge of multiple dioceses archbishop
84%
Famous ancient Greek mathematician and inventor Archimedes
84%
One's nemesis archenemy
79%
Very old or outdated, often referring to language or customs archaic
72%
A high-ranking noble, especially in Austria-Hungary archduke
72%
The original model from which others are copied; a typical example archetype
65%
Understood by few; mysterious or secret arcane
53%
An extinct prehistoric bird-like dinosaur Archaeopteryx
30%
Greek region, or the concept of an unspoiled, rural paradise Arcadia
26%
The fourth brightest star in the sky, in the constellation Boötes Arcturus
26%
Greak word for "ruler", or a builder of the world in Gnosticism archon
21%
The second of Earth's four eons (4.03–2.50 million years ago) Archean
16%
No matching quizzes found
Score Distribution
Percent of People with Each Score
Percentile by Number Answered
Your Score History
You have not taken this quiz since the last reset